[Event "MCRE_O17"]
[Site "?"]
[Date "2004.??.??"]
[Round "?"]
[White "Tyrlik, Jaroslav"]
[Black "Kosar, Zdenek"]
[Result "1-0"]
[WhiteElo "1895"]
[BlackElo "1800"]
[PlyCount "47"]
[EventDate "2004.??.??"]
[EventType "corr"]
[EventRounds "2"]
[SourceDate "2005.03.12"]

1. e4 e5 2. Nf3 Nc6 3. Bc4 Nf6 4. Ng5 d5 5. exd5 Na5 6. Bb5+ c6 7. dxc6 bxc6 8.
Be2 h6 9. Nf3 e4 10. Ne5 Qc7 11. d4 exd3 12. Nxd3 Bd6 13. b3 Bb7 14. Bb2 O-O-O
15. h3 c5 16. O-O c4 17. bxc4 Nxc4 18. Bxf6 gxf6 19. Nd2 Ne5 20. Nxe5 fxe5 21.
Bg4+ Kb8 22. Rb1 Ka8 23. Rxb7 Kxb7 24. Qf3+ 1-0

[Event "MCRE_O17"]
[Site "?"]
[Date "2004.??.??"]
[Round "?"]
[White "Weber, Tomas"]
[Black "Tyrlik, Jaroslav"]
[Result "1-0"]
[WhiteElo "1800"]
[BlackElo "1895"]
[PlyCount "31"]
[EventDate "2004.??.??"]
[EventType "corr"]
[EventRounds "2"]
[SourceDate "2005.03.12"]

1. Nf3 d5 2. d3 c5 3. g3 Nc6 4. Bg2 e5 5. O-O Bg4 6. c4 dxc4 7. Qa4 Qd7 8. dxc4
O-O-O 9. Nc3 Kb8 10. Rd1 Nd4 11. Rxd4 cxd4 12. Nb5 a6 13. Nxe5 Qc8 14. Bf4 Rd6
15. Nc6+ Ka8 16. Bxd6 1-0

[Event "MCRE_O17"]
[Site "?"]
[Date "2004.??.??"]
[Round "?"]
[White "Zelenka, Pavel"]
[Black "Kosar, Zdenek"]
[Result "1-0"]
[WhiteElo "1800"]
[BlackElo "1800"]
[PlyCount "41"]
[EventDate "2004.??.??"]
[EventType "corr"]
[EventRounds "2"]
[SourceDate "2005.03.12"]

1. d4 Nf6 2. c4 g6 3. Nc3 Bg7 4. e4 d6 5. f3 e5 6. d5 Nfd7 7. h4 h5 8. Be3 Bh6
9. Bxh6 Rxh6 10. Qd2 Rh8 11. O-O-O a5 12. g3 Nc5 13. Kb1 Kf8 14. Bh3 Nbd7 15.
f4 b6 16. Nf3 Ba6 17. Qe2 Qf6 18. Ng5 Qg7 19. Rhf1 f6 20. Ne6+ Nxe6 21. dxe6
1-0

[Event "MCRE_O17"]
[Site "?"]
[Date "2004.??.??"]
[Round "?"]
[White "Zelenka, Pavel"]
[Black "Weber, Tomas"]
[Result "1/2-1/2"]
[WhiteElo "1800"]
[BlackElo "1800"]
[PlyCount "46"]
[EventDate "2004.??.??"]
[EventType "corr"]
[EventRounds "2"]
[SourceDate "2005.03.12"]

1. d4 f5 2. g3 Nf6 3. Bg2 g6 4. Nf3 Bg7 5. O-O O-O 6. c4 d6 7. Nc3 Qe8 8. d5
Na6 9. Nd4 Bd7 10. e4 fxe4 11. Nxe4 Nxe4 12. Bxe4 Bh3 13. Bg2 Bxg2 14. Kxg2 Nc5
15. Re1 Qf7 16. f4 e5 17. dxe6 Qf6 18. Be3 Nxe6 19. Nxe6 Qxe6 20. Qd3 Qf5 21.
Qxf5 Rxf5 22. Re2 Ra5 23. a4 a6 1/2-1/2

[Event "MCRE_O17"]
[Site "?"]
[Date "2004.??.??"]
[Round "?"]
[White "Weber, Tomas"]
[Black "Tucek, Richard"]
[Result "1-0"]
[WhiteElo "1800"]
[BlackElo "1800"]
[PlyCount "37"]
[EventDate "2004.??.??"]
[EventType "corr"]
[EventRounds "2"]
[SourceDate "2005.03.12"]

1. Nf3 Nf6 2. g3 d5 3. Bg2 c5 4. O-O e6 5. d3 Nc6 6. Nbd2 Be7 7. e4 dxe4 8.
dxe4 O-O 9. e5 Nd5 10. Qe2 b6 11. Rd1 Bb7 12. c4 Ndb4 13. Ne4 Qc7 14. Bf4 Rad8
15. Nf6+ gxf6 16. exf6 Bd6 17. Ng5 Bxf4 18. Qh5 Rxd1+ 19. Rxd1 1-0

[Event "MCRE_O17"]
[Site "?"]
[Date "2004.??.20"]
[Round "?"]
[White "Tucek, Richard"]
[Black "Zelenka, Pavel"]
[Result "0-1"]
[WhiteElo "1800"]
[BlackElo "1800"]
[PlyCount "44"]
[EventDate "2004.??.??"]
[EventType "corr"]
[EventRounds "2"]
[SourceDate "2005.03.12"]

1. e4 e6 2. d4 d5 3. Nc3 Bb4 4. exd5 exd5 5. Nf3 Bg4 6. Be2 Nf6 7. O-O O-O 8.
a3 Bxc3 9. bxc3 Re8 10. c4 Nc6 11. cxd5 Nxd5 12. Bb2 Nf4 13. Re1 Rxe2 14. Rxe2
Bxf3 15. gxf3 Qg5+ 16. Kf1 Na5 17. Re4 Nc4 18. Rxf4 Qxf4 19. Bc1 Qxh2 20. f4
Qh1+ 21. Ke2 Re8+ 22. Be3 Qg2 0-1

[Event "MCRE_O17"]
[Site "?"]
[Date "2004.??.20"]
[Round "?"]
[White "Kosar, Zdenek"]
[Black "Tyrlik, Jaroslav"]
[Result "0-1"]
[WhiteElo "1800"]
[BlackElo "1800"]
[PlyCount "58"]
[EventDate "2004.??.??"]
[EventType "corr"]
[EventRounds "2"]
[SourceDate "2005.03.12"]

1. e4 c5 2. Nf3 e6 3. d4 cxd4 4. Nxd4 Nf6 5. Qe2 Bc5 6. Nb3 d6 7. g4 Nc6 8.
Nxc5 dxc5 9. f3 e5 10. c3 O-O 11. h4 Qe7 12. Bg5 Rd8 13. Qc2 h6 14. Bxf6 Qxf6
15. Qf2 Qf4 16. Nd2 Bxg4 17. Qh2 Be6 18. O-O-O Bxa2 19. Kc2 Qxh2 20. Rxh2 Be6
21. Nc4 Rxd1 22. Kxd1 Rd8+ 23. Kc2 b5 24. Ne3 c4 25. Rd2 Kf8 26. Rxd8+ Nxd8 27.
Kd2 Ke7 28. b3 cxb3 29. Bxb5 a5 0-1

[Event "MCRE_O17"]
[Site "?"]
[Date "2004.??.??"]
[Round "?"]
[White "Kosar, Zdenek"]
[Black "Zelenka, Pavel"]
[Result "0-1"]
[WhiteElo "1800"]
[BlackElo "1800"]
[PlyCount "54"]
[EventDate "2004.??.??"]
[EventType "corr"]
[EventRounds "2"]
[SourceDate "2005.03.12"]

1. e4 e6 2. d4 d5 3. Nc3 Bb4 4. e5 c5 5. a3 Bxc3+ 6. bxc3 Ne7 7. Qg4 O-O 8. Bd3
Qa5 9. Ne2 cxd4 10. Bd2 dxc3 11. Nxc3 Qc7 12. f4 Qc5 13. Qh3 Nf5 14. g4 Nh6 15.
Nb5 Nc6 16. Be3 d4 17. Bd2 Bd7 18. Rb1 a6 19. Nd6 Nxe5 20. Bb4 Nxd3+ 21. cxd3
Qd5 22. Ne4 f5 23. gxf5 exf5 24. Rg1 Rf7 25. Qxh6 fxe4 26. Bd6 exd3 27. Rb2
Qe4+ 0-1

[Event "MCRE_O17"]
[Site "?"]
[Date "2004.??.??"]
[Round "?"]
[White "Tyrlik, Jaroslav"]
[Black "Zelenka, Pavel"]
[Result "0-1"]
[WhiteElo "1895"]
[BlackElo "1800"]
[PlyCount "88"]
[EventDate "2004.??.??"]
[EventType "corr"]
[EventRounds "2"]
[SourceDate "2005.03.12"]

1. e4 e6 2. d4 d5 3. Nd2 Nf6 4. e5 Nfd7 5. Bd3 c5 6. c3 Nc6 7. Ne2 cxd4 8. cxd4
f6 9. Nf4 Qe7 10. Qh5+ Qf7 11. Qxf7+ Kxf7 12. exf6 Nxd4 13. fxg7 Bxg7 14. Nb3
Nxb3 15. axb3 Nf6 16. Be3 e5 17. Ne2 e4 18. Bc2 Ng4 19. Bd4 Bxd4 20. Nxd4 Rg8
21. Ke2 Nh6 22. Ra5 Be6 23. Nxe6 Kxe6 24. Rd1 Rg5 25. h4 Rf5 26. b4 b6 27. Ra3
Rg8 28. Rg1 Rg7 29. Rc3 Ke5 30. Rc6 Ng8 31. Bb3 Nf6 32. Rcc1 h5 33. b5 d4 34.
Rc6 d3+ 35. Ke1 Rf4 36. Re6+ Kf5 37. Rd6 Rxh4 38. Bc4 Rh2 39. Kf1 h4 40. f3 Ke5
41. Re6+ Kd4 42. Bxd3 exd3 43. Rxf6 Re7 44. Rd6+ Ke3 0-1

[Event "MCRE_O17"]
[Site "?"]
[Date "2004.??.??"]
[Round "?"]
[White "Zelenka, Pavel"]
[Black "Tyrlik, Jaroslav"]
[Result "0-1"]
[WhiteElo "1800"]
[BlackElo "1895"]
[PlyCount "90"]
[EventDate "2004.??.??"]
[EventType "corr"]
[EventRounds "2"]
[SourceDate "2005.03.12"]

1. d4 Nf6 2. c4 e6 3. Nc3 d5 4. Bg5 Nbd7 5. cxd5 exd5 6. Nf3 Bb4 7. e3 O-O 8.
Bd3 c5 9. O-O Qa5 10. Bxf6 Nxf6 11. Nxd5 Nxd5 12. a3 c4 13. axb4 Qxb4 14. Ra4
Qxb2 15. Rxc4 Rd8 16. Rc5 b6 17. Rc2 Qa3 18. Ne5 Be6 19. Qb1 h6 20. Bh7+ Kf8
21. Rc6 Rac8 22. Ng6+ Ke8 23. Qb5 Bd7 24. Qxd5 Rxc6 25. Bg8 Rf6 26. Qe4+ Re6
27. Qf3 Re7 28. Bh7 Bb5 29. Nxe7 Bxf1 30. Ng6 fxg6 31. Bxg6+ Ke7 32. Qf7+ Kd6
33. Qf4+ Kc6 34. Be4+ Kb5 35. Qf5+ Kb4 36. Kxf1 Qc1+ 37. Ke2 Qc7 38. Bd3 Qd7
39. Qg6 Rc8 40. Be4 Ka3 41. Kd2 Kb2 42. h3 Rc7 43. Qg3 Qe7 44. Ke2 g5 45. d5
Rc5 0-1

[Event "MCRE_O17"]
[Site "?"]
[Date "2004.??.??"]
[Round "?"]
[White "Caha, Rostislav"]
[Black "Weber, Tomas"]
[Result "0-1"]
[WhiteElo "1800"]
[BlackElo "1800"]
[PlyCount "26"]
[EventDate "2004.??.??"]
[EventType "corr"]
[EventRounds "2"]
[SourceDate "2005.03.12"]

1. e4 c6 2. d4 d5 3. exd5 cxd5 4. Nf3 Nf6 5. Bf4 Qb6 6. b3 Bg4 7. Be2 e6 8. O-O
Be7 9. Nbd2 O-O 10. c4 Qd8 11. Ne5 Bxe2 12. Qxe2 dxc4 13. Qxc4 Na6 0-1

[Event "MCRE_O17"]
[Site "?"]
[Date "2004.??.??"]
[Round "?"]
[White "Weber, Tomas"]
[Black "Caha, Rostislav"]
[Result "1-0"]
[WhiteElo "1800"]
[BlackElo "1800"]
[PlyCount "29"]
[EventDate "2004.??.??"]
[EventType "corr"]
[EventRounds "2"]
[SourceDate "2005.03.12"]

1. Nf3 c5 2. g3 d5 3. Bg2 Nc6 4. O-O e5 5. d3 Nf6 6. Bg5 Be7 7. Nbd2 O-O 8. c4
d4 9. Nh4 Qc7 10. e4 Ng4 11. Bxe7 Qxe7 12. Nf5 Bxf5 13. exf5 Nh6 14. Qh5 Qf6
15. Rae1 1-0

[Event "MCRE_O17"]
[Site "?"]
[Date "2004.??.??"]
[Round "?"]
[White "Caha, Rostislav"]
[Black "Zelenka, Pavel"]
[Result "0-1"]
[WhiteElo "1800"]
[BlackElo "1800"]
[PlyCount "32"]
[EventDate "2004.??.??"]
[EventType "corr"]
[EventRounds "2"]
[SourceDate "2005.03.12"]

1. e4 e6 2. d4 d5 3. e5 c5 4. c3 Nc6 5. Nf3 Qb6 6. Bd3 cxd4 7. cxd4 Bd7 8. O-O
Nxd4 9. Nxd4 Qxd4 10. Nc3 Ne7 11. Nb5 Qxe5 12. Qf3 Bxb5 13. Bxb5+ Nc6 14. Bf4
Qd4 15. Rfe1 Rd8 16. Be5 Qb6 0-1

[Event "MCRE_O17"]
[Site "?"]
[Date "2004.??.??"]
[Round "?"]
[White "Zelenka, Pavel"]
[Black "Caha, Rostislav"]
[Result "1-0"]
[WhiteElo "1800"]
[BlackElo "1800"]
[PlyCount "33"]
[EventDate "2004.??.??"]
[EventType "corr"]
[EventRounds "2"]
[SourceDate "2005.03.12"]

1. d4 d5 2. c4 e6 3. Nc3 Nf6 4. Bg5 Be7 5. cxd5 exd5 6. Qc2 O-O 7. Nf3 Bg4 8.
Ne5 Bh5 9. e3 Nbd7 10. Bd3 h6 11. Bf4 c6 12. O-O Nxe5 13. dxe5 Nd7 14. Bf5 g5
15. Bg3 Kg7 16. Ne2 Bxe2 17. Qxe2 1-0

[Event "MCRE_O17"]
[Site "?"]
[Date "2004.??.??"]
[Round "?"]
[White "Tyrlik, Jaroslav"]
[Black "Caha, Rostislav"]
[Result "1-0"]
[WhiteElo "1895"]
[BlackElo "1800"]
[PlyCount "33"]
[EventDate "2004.??.??"]
[EventType "corr"]
[EventRounds "2"]
[SourceDate "2005.03.12"]

1. e4 c5 2. Nf3 d6 3. Bb5+ Bd7 4. Bxd7+ Nxd7 5. O-O Ngf6 6. Qe2 Qc7 7. d3 g6 8.
Nc3 Bg7 9. Rd1 O-O 10. d4 cxd4 11. Nxd4 a6 12. Bg5 h6 13. Bh4 Kh7 14. a3 Nc5
15. Bxf6 Bxf6 16. Nd5 Qd8 17. Nxf6+ 1-0

[Event "MCRE_O17"]
[Site "?"]
[Date "2004.??.??"]
[Round "?"]
[White "Caha, Rostislav"]
[Black "Tyrlik, Jaroslav"]
[Result "0-1"]
[WhiteElo "1800"]
[BlackElo "1895"]
[PlyCount "22"]
[EventDate "2004.??.??"]
[EventType "corr"]
[EventRounds "2"]
[SourceDate "2005.03.12"]

1. e4 e6 2. d4 d5 3. e5 c5 4. c3 Qb6 5. Nf3 Nc6 6. Bd3 cxd4 7. cxd4 Bd7 8. O-O
Nxd4 9. Nxd4 Qxd4 10. Nc3 a6 11. Qe2 Rc8 0-1

[Event "MCRE_O17"]
[Site "?"]
[Date "2004.??.??"]
[Round "?"]
[White "Caha, Rostislav"]
[Black "Tucek, Richard"]
[Result "0-1"]
[WhiteElo "1800"]
[BlackElo "1800"]
[PlyCount "24"]
[EventDate "2004.??.??"]
[EventType "corr"]
[EventRounds "2"]
[SourceDate "2005.03.12"]

1. e4 d6 2. d4 Nf6 3. Nc3 e6 4. Bg5 Be7 5. Nf3 O-O 6. Bc4 d5 7. Bxf6 dxc4 8.
Bxe7 Qxe7 9. Qe2 c5 10. Qxc4 cxd4 11. Nxd4 b6 12. O-O-O Ba6 0-1

[Event "MCRE_O17"]
[Site "?"]
[Date "2004.??.??"]
[Round "?"]
[White "Caha, Rostislav"]
[Black "Chlubna, Josef"]
[Result "0-1"]
[WhiteElo "1800"]
[BlackElo "1800"]
[PlyCount "20"]
[EventDate "2004.??.??"]
[EventType "corr"]
[EventRounds "2"]
[SourceDate "2005.03.12"]

1. e4 e5 2. Nf3 Nc6 3. Bb5 a6 4. Ba4 Nf6 5. O-O b5 6. Bb3 Be7 7. Re1 O-O 8. c3
d6 9. h3 h6 10. d4 Na5 0-1

[Event "MCRE_O17"]
[Site "?"]
[Date "2004.??.??"]
[Round "?"]
[White "Kosar, Zdenek"]
[Black "Caha, Rostislav"]
[Result "1-0"]
[WhiteElo "1800"]
[BlackElo "1800"]
[PlyCount "21"]
[EventDate "2004.??.??"]
[EventType "corr"]
[EventRounds "2"]
[SourceDate "2005.03.12"]

1. e4 c5 2. Nf3 d6 3. d4 cxd4 4. Nxd4 Nf6 5. Nc3 a6 6. f3 e6 7. Be3 Be7 8. Qd2
O-O 9. O-O-O b5 10. g4 Nbd7 11. Nc6 1-0

[Event "MCRE_O17"]
[Site "?"]
[Date "2004.??.??"]
[Round "?"]
[White "Caha, Rostislav"]
[Black "Kosar, Zdenek"]
[Result "0-1"]
[WhiteElo "1800"]
[BlackElo "1800"]
[PlyCount "22"]
[EventDate "2004.??.??"]
[EventType "corr"]
[EventRounds "2"]
[SourceDate "2005.03.12"]

1. e4 c5 2. Nf3 e6 3. d4 cxd4 4. Nxd4 Nc6 5. Nc3 Nf6 6. Bg5 d6 7. Qd2 a6 8.
O-O-O Bd7 9. f4 h6 10. Bxf6 Qxf6 11. Nxc6 Bxc6 0-1

[Event "MCRE_O17"]
[Site "?"]
[Date "2004.??.??"]
[Round "?"]
[White "Chlubna, Josef"]
[Black "Zelenka, Pavel"]
[Result "0-1"]
[WhiteElo "1800"]
[BlackElo "1800"]
[PlyCount "44"]
[EventDate "2004.??.??"]
[EventType "corr"]
[EventRounds "2"]
[SourceDate "2005.03.12"]

1. e4 e6 2. d4 d5 3. Nc3 Bb4 4. e5 c5 5. Qg4 Ne7 6. Qxg7 Rg8 7. Qxh7 cxd4 8.
Bd2 dxc3 9. bxc3 Qc7 10. Nf3 Bxc3 11. h4 Bxa1 12. Bg5 Bxe5 13. Bxe7 Qc3+ 14.
Kd1 Rh8 15. Qd3 Qa1+ 16. Ke2 b6 17. Qa3 Ba6+ 18. Ke3 Bxf1 19. Nxe5 Qe1+ 20. Kf3
Qe4+ 21. Kg3 Qxg2+ 22. Kf4 Qe4+ 0-1

[Event "MCRE_O17"]
[Site "?"]
[Date "2004.??.??"]
[Round "?"]
[White "Tyrlik, Jaroslav"]
[Black "Weber, Tomas"]
[Result "0-1"]
[WhiteElo "1895"]
[BlackElo "1800"]
[PlyCount "94"]
[EventDate "2004.??.??"]
[EventType "corr"]
[EventRounds "2"]
[SourceDate "2005.03.12"]

1. e4 c5 2. Nf3 e6 3. d4 cxd4 4. Nxd4 Nf6 5. Nc3 d6 6. Be2 Nc6 7. O-O Be7 8. f4
a6 9. Nxc6 bxc6 10. Be3 O-O 11. e5 dxe5 12. Qxd8 Rxd8 13. fxe5 Nd5 14. Nxd5
exd5 15. c3 a5 16. Bh5 Be6 17. Rad1 c5 18. Bf3 h6 19. Rd2 Rab8 20. b3 c4 21.
Bd1 Rb7 22. Bc2 Rc8 23. Bd4 Bc5 24. Kf2 Kf8 25. Rb1 Bxd4+ 26. cxd4 a4 27. bxc4
Rxb1 28. Bxb1 dxc4 29. Ke3 c3 30. Rf2 a3 31. Be4 c2 32. Bxc2 Bxa2 33. Be4 Bb3
34. Rf1 a2 35. h4 f6 36. h5 Ke7 37. exf6+ gxf6 38. Ra1 Ke6 39. g4 Rc3+ 40. Kf4
Kd6 41. Bg6 Rc4 42. Bf7 Rxd4+ 43. Ke3 Rd1 44. Rxd1+ Bxd1 45. Bxa2 Ke5 46. g5
fxg5 47. Bf7 g4 0-1

[Event "MCRE_O17"]
[Site "?"]
[Date "2004.??.??"]
[Round "?"]
[White "Chlubna, Josef"]
[Black "Tyrlik, Jaroslav"]
[Result "0-1"]
[WhiteElo "1800"]
[BlackElo "1895"]
[PlyCount "56"]
[EventDate "2004.??.??"]
[EventType "corr"]
[EventRounds "2"]
[SourceDate "2005.03.12"]

1. d4 Nf6 2. c4 e6 3. Nc3 d5 4. Bg5 Nbd7 5. cxd5 exd5 6. e3 c6 7. Bd3 Be7 8.
Qc2 O-O 9. Nf3 Re8 10. O-O Nf8 11. h3 Be6 12. a3 Bd6 13. Rfe1 h6 14. Bh4 g5 15.
Bg3 Bxg3 16. fxg3 Qd6 17. Qf2 N8d7 18. b4 g4 19. Nh2 gxh3 20. gxh3 Bxh3 21. Bf1
Bxf1 22. Rxf1 Re6 23. Qf3 Rae8 24. Rae1 Nb6 25. Ng4 Nxg4 26. Qxg4+ Rg6 27. Qf4
Rxg3+ 28. Kf2 Qxf4+ 0-1

[Event "MCRE_O17"]
[Site "?"]
[Date "2004.??.??"]
[Round "?"]
[White "Weber, Tomas"]
[Black "Chlubna, Josef"]
[Result "1-0"]
[WhiteElo "1800"]
[BlackElo "1800"]
[PlyCount "45"]
[EventDate "2004.??.??"]
[EventType "corr"]
[EventRounds "2"]
[SourceDate "2005.03.12"]

1. Nf3 d5 2. d3 c6 3. g3 Nf6 4. Bg2 Qb6 5. O-O e6 6. Nc3 h6 7. e4 Bd6 8. e5
Bxe5 9. Nxe5 d4 10. Nc4 Qc7 11. Bf4 Qd7 12. Nd6+ Kd8 13. Nce4 b5 14. Nc5 Ne8
15. Nxd7 Bxd7 16. Nxf7+ Ke7 17. Nxh8 g5 18. Be5 Na6 19. Qh5 Kd8 20. Nf7+ Kc8
21. Qxh6 c5 22. Qxg5 Nac7 23. Qd8# 1-0

[Event "MCRE_O17"]
[Site "?"]
[Date "2004.??.??"]
[Round "?"]
[White "Kosar, Zdenek"]
[Black "Weber, Tomas"]
[Result "0-1"]
[WhiteElo "1800"]
[BlackElo "1800"]
[PlyCount "68"]
[EventDate "2004.??.??"]
[EventType "corr"]
[EventRounds "2"]
[SourceDate "2005.03.12"]

1. e4 c6 2. d4 d5 3. Nc3 dxe4 4. Nxe4 Nd7 5. Nf3 Ngf6 6. Ng3 e6 7. c4 Bb4+ 8.
Bd2 Bxd2+ 9. Qxd2 O-O 10. Be2 b6 11. b4 a5 12. O-O axb4 13. Qxb4 Qc7 14. a4 c5
15. Qa3 Bb7 16. Qe3 Ra5 17. Nd2 cxd4 18. Qxd4 Rd8 19. Rfb1 Bc6 20. Ra2 Rxa4 21.
Rxa4 Bxa4 22. Qh4 h6 23. Ngf1 Nc5 24. Qg3 Qxg3 25. hxg3 Nfd7 26. Rb4 Bc6 27.
Bf3 Bxf3 28. gxf3 Ra8 29. Kg2 Ra2 30. f4 g5 31. Kf3 gxf4 32. gxf4 Kg7 33. Ke3
Ra3+ 34. Ke2 Nd3 0-1

[Event "MCRE_O17"]
[Site "?"]
[Date "2004.??.??"]
[Round "?"]
[White "Zelenka, Pavel"]
[Black "Tucek, Richard"]
[Result "1-0"]
[WhiteElo "1800"]
[BlackElo "1800"]
[PlyCount "85"]
[EventDate "2004.??.??"]
[EventType "corr"]
[EventRounds "2"]
[SourceDate "2005.03.12"]

1. d4 Nf6 2. c4 e6 3. Nc3 Bb4 4. e3 O-O 5. Bd3 c5 6. Nge2 d5 7. cxd5 cxd4 8.
exd4 Nxd5 9. O-O Nc6 10. Bc2 Nxc3 11. bxc3 Be7 12. Qd3 g6 13. Bf4 b6 14. Qf3
Bb7 15. Be4 Qc8 16. d5 exd5 17. Bxd5 Na5 18. c4 Bxd5 19. cxd5 Qd7 20. d6 Bxd6
21. Rad1 Nb7 22. Nc3 Rad8 23. Bh6 Rfe8 24. Nd5 Qf5 25. Nf6+ Kh8 26. Qxf5 gxf5
27. Nxe8 Rxe8 28. Rfe1 Re6 29. Bd2 h5 30. Rxe6 fxe6 31. Re1 Nc5 32. Bb4 Kg7 33.
Bxc5 Bxc5 34. Rxe6 a5 35. a4 h4 36. h3 Bd4 37. Kf1 Bc5 38. Ke2 Bd4 39. Kf3 Bc5
40. Rc6 Bd4 41. Rc4 Bf6 42. Rc7+ Kg6 43. Rc6 1-0

[Event "MCRE_O17"]
[Site "?"]
[Date "2004.??.??"]
[Round "?"]
[White "Tucek, Richard"]
[Black "Tyrlik, Jaroslav"]
[Result "0-1"]
[WhiteElo "1800"]
[BlackElo "1895"]
[PlyCount "88"]
[EventDate "2004.??.??"]
[EventType "corr"]
[EventRounds "2"]
[SourceDate "2005.03.12"]

1. c4 Nf6 2. d4 e6 3. Nf3 b6 4. Nc3 Bb7 5. e3 Bb4 6. Be2 Bxc3+ 7. bxc3 O-O 8.
O-O d6 9. a4 c5 10. h3 Nc6 11. Nh2 Na5 12. Bf3 Bxf3 13. Qxf3 Nxc4 14. dxc5 d5
15. cxb6 axb6 16. Ng4 Ne4 17. Qe2 f5 18. Nh2 Nxc3 19. Qc2 Ne4 20. Bb2 Qd7 21.
Nf3 Rfc8 22. Qe2 Rxa4 23. Ne5 Nxe5 24. Bxe5 b5 25. Rxa4 bxa4 26. Qa6 Nc5 27.
Qb6 Qd8 28. Qa7 Nd7 29. Bd4 Ra8 30. Qb7 Qc8 31. Qb2 a3 32. Qa1 Qf8 33. Rc1 Qd6
34. f4 g5 35. Bh8 Qe7 36. Rc7 a2 37. fxg5 e5 38. Rxd7 Qxd7 39. Bxe5 Qb7 40. Kh2
Qb1 41. Qd4 Qe4 42. Qc3 a1=Q 43. Qxa1 Rxa1 44. Bxa1 Qxe3 0-1

[Event "MCRE_O17"]
[Site "?"]
[Date "2004.??.??"]
[Round "?"]
[White "Tyrlik, Jaroslav"]
[Black "Tucek, Richard"]
[Result "1-0"]
[WhiteElo "1895"]
[BlackElo "1800"]
[PlyCount "105"]
[EventDate "2004.??.??"]
[EventType "corr"]
[EventRounds "2"]
[SourceDate "2005.03.12"]

1. e4 e5 2. Nf3 Nc6 3. Bc4 Nf6 4. d3 Bb4+ 5. c3 Be7 6. O-O O-O 7. Bg5 d6 8.
Nbd2 Na5 9. Bb5 Bd7 10. Ba4 Bxa4 11. Qxa4 Nc6 12. Rad1 h6 13. Be3 Ng4 14. d4
Nxe3 15. fxe3 exd4 16. exd4 Qd7 17. Nc4 f5 18. Qb3 Kh8 19. exf5 Rxf5 20. Qxb7
Rb8 21. Qa6 Rbb5 22. a4 Rb8 23. d5 Ne5 24. Nfxe5 Rxf1+ 25. Rxf1 dxe5 26. Qxa7
Rf8 27. Rxf8+ Bxf8 28. Nxe5 Qxd5 29. Ng6+ Kg8 30. Nxf8 Qd1+ 31. Kf2 Kxf8 32.
Qb8+ Kf7 33. Qxc7+ Kg6 34. Qc6+ Kh7 35. b4 Qd2+ 36. Kf3 Qd3+ 37. Kf4 Qd2+ 38.
Ke5 Qg5+ 39. Kd6 Qf4+ 40. Kd7 Qxh2 41. a5 Qg1 42. a6 Qa7+ 43. Qb7 Qe3 44. a7
Qd3+ 45. Ke7 Qe3+ 46. Kf8 Qf4+ 47. Qf7 Qd6+ 48. Qe7 Qf4+ 49. Ke8 Qc4 50. a8=Q
Qg8+ 51. Qf8 Qe6+ 52. Kd8 Qb6+ 53. Kd7 1-0

[Event "MCRE_O17"]
[Site "?"]
[Date "2004.??.??"]
[Round "?"]
[White "Tucek, Richard"]
[Black "Weber, Tomas"]
[Result "0-1"]
[WhiteElo "1800"]
[BlackElo "1800"]
[PlyCount "88"]
[EventDate "2004.??.??"]
[EventType "corr"]
[EventRounds "2"]
[SourceDate "2005.03.12"]

1. d4 f5 2. c4 Nf6 3. Nc3 g6 4. Nf3 Bg7 5. e3 O-O 6. c5 e6 7. Bc4 Nc6 8. O-O b6
9. cxb6 axb6 10. d5 Na5 11. Bb3 Ne4 12. dxe6 dxe6 13. Nd4 Nxb3 14. Qxb3 Nc5 15.
Qc2 e5 16. Nb3 Qd3 17. Qxd3 Nxd3 18. Bd2 Be6 19. Nb5 Bc4 20. Na3 Nxb2 21. Nxc4
Nxc4 22. Bc3 Rfd8 23. g3 Rd3 24. Rfc1 Na3 25. Bb2 c5 26. Rd1 Rxd1+ 27. Rxd1 Nc4
28. Bc3 Rxa2 29. Rd8+ Bf8 30. Nd2 Nxd2 31. Bxd2 e4 32. Bc3 b5 33. Be5 Kf7 34.
Rb8 b4 35. Rb7+ Ke6 36. Bh8 Bd6 37. Rxh7 Kd5 38. Kf1 c4 39. Bd4 c3 40. Rh8 c2
41. Rc8 b3 42. h3 Be5 43. Bxe5 Kxe5 44. Ke1 b2 0-1

[Event "MCRE_O17"]
[Site "?"]
[Date "2004.??.??"]
[Round "?"]
[White "Chlubna, Josef"]
[Black "Weber, Tomas"]
[Result "0-1"]
[WhiteElo "1800"]
[BlackElo "1800"]
[PlyCount "58"]
[EventDate "2004.??.??"]
[EventType "corr"]
[EventRounds "2"]
[SourceDate "2005.03.12"]

1. e4 c5 2. Nf3 e6 3. d4 cxd4 4. Nxd4 Nf6 5. e5 Qa5+ 6. c3 Qxe5+ 7. Be2 Nc6 8.
O-O Be7 9. Nxc6 bxc6 10. Re1 O-O 11. Bd3 Qh5 12. Be2 Qa5 13. Qc2 Ba6 14. b4 Qe5
15. Be3 Bxe2 16. Rxe2 Ng4 17. g3 Qh5 18. h4 Ne5 19. Na3 Nf3+ 20. Kg2 d5 21. Rh1
a5 22. Bc5 Bxc5 23. bxc5 e5 24. Nb1 f5 25. Nd2 e4 26. Kf1 f4 27. Nb3 fxg3 28.
Kg2 gxf2 29. Rxf2 Qg4+ 0-1

[Event "MCRE_O17"]
[Site "?"]
[Date "2004.??.??"]
[Round "?"]
[White "Tyrlik, Jaroslav"]
[Black "Chlubna, Josef"]
[Result "1-0"]
[WhiteElo "1895"]
[BlackElo "1800"]
[PlyCount "73"]
[EventDate "2004.??.??"]
[EventType "corr"]
[EventRounds "2"]
[SourceDate "2005.03.12"]

1. e4 e5 2. Nf3 Nc6 3. Bc4 Nf6 4. Ng5 d5 5. exd5 Na5 6. Bb5+ Bd7 7. Qe2 h6 8.
Qxe5+ Qe7 9. Qxe7+ Bxe7 10. Bxd7+ Nxd7 11. Nf3 Nf6 12. Nc3 a6 13. d3 O-O 14. a3
Rad8 15. b4 Nxd5 16. Nxd5 Rxd5 17. bxa5 Rxa5 18. O-O Ra4 19. Re1 Bd6 20. Nd2 b5
21. Ne4 Bxa3 22. Bxa3 Rd8 23. Nc5 Rf4 24. Nxa6 c6 25. Bc5 Kh7 26. Nb4 Rc8 27.
d4 f6 28. Re6 Kg6 29. Nxc6 Rc7 30. Ne7+ Kf7 31. Nd5 Kxe6 32. Nxc7+ Kd7 33. Nxb5
Re4 34. Kf1 Kc6 35. c4 f5 36. Ra7 g6 37. Rc7# 1-0

[Event "MCRE_O17"]
[Site "?"]
[Date "2004.??.??"]
[Round "?"]
[White "Weber, Tomas"]
[Black "Kosar, Zdenek"]
[Result "1-0"]
[WhiteElo "1800"]
[BlackElo "1800"]
[PlyCount "75"]
[EventDate "2004.??.??"]
[EventType "corr"]
[EventRounds "2"]
[SourceDate "2005.03.12"]

1. Nf3 c5 2. g3 Nf6 3. Bg2 g6 4. O-O Bg7 5. d3 Nc6 6. e4 O-O 7. c3 e5 8. Nbd2
Ne8 9. a4 b6 10. Nc4 d6 11. Bd2 Nc7 12. Re1 Ba6 13. Qc2 Qd7 14. b4 cxb4 15.
cxb4 b5 16. Na3 Rac8 17. h4 Nd4 18. Nxd4 exd4 19. axb5 Bxb5 20. Nxb5 Nxb5 21.
Qa4 Rc7 22. h5 Rb8 23. hxg6 hxg6 24. Bf3 Qh3 25. Rec1 Nc3 26. Qa5 Qd7 27. Bg4
Qc6 28. Qg5 Qb5 29. Qxb5 Rxb5 30. Ra6 Rxb4 31. Rxd6 Be5 32. Rd8+ Kg7 33. Kg2
Kf6 34. Rg8 Rcb7 35. Bh6 Rb8 36. Bc8 Rxc8 37. Rxc8 Rb8 38. Rc6+ 1-0

[Event "MCRE_O17"]
[Site "?"]
[Date "2004.??.??"]
[Round "?"]
[White "Chlubna, Josef"]
[Black "Tucek, Richard"]
[Result "1/2-1/2"]
[WhiteElo "1800"]
[BlackElo "1800"]
[PlyCount "62"]
[EventDate "2004.??.??"]
[EventType "corr"]
[EventRounds "2"]
[SourceDate "2005.03.12"]

1. e4 e6 2. d4 d5 3. Nc3 dxe4 4. Nxe4 Be7 5. Qg4 g6 6. Qe2 Nf6 7. c3 Nxe4 8.
Qxe4 O-O 9. Nf3 Nd7 10. Be2 c5 11. O-O cxd4 12. cxd4 Nf6 13. Qc2 Bd7 14. h3 Rc8
15. Qb3 Bc6 16. Be3 Bd5 17. Qd1 Ne4 18. a3 Ng5 19. Re1 Nxf3+ 20. Bxf3 Bg5 21.
Bxd5 Qxd5 22. Qd3 Bxe3 23. Rxe3 Rfd8 24. Re4 e5 25. Rd1 exd4 26. Rxd4 Qxd4 27.
Qxd4 Rxd4 28. Rxd4 Rc1+ 29. Kh2 Rc2 30. Rb4 b6 31. f4 Kg7 1/2-1/2